Departamenty Francji - Statystyki

Ogólne statystyki
  • Ten quiz został rozwiązany 184 razy
  • Średni wynik to 5 z 101
Odpowiedzi na mapie
Odpowiedzi zakodowano w zielono-czerwonej skali na mapie do tego quizu, zgodnie z poniższymi procentami.
 
Statystyki odpowiedzi
Departament % Poprawnych
Paryż
68%
Gujana Francuska
43%
Martynika
43%
Reunion
36%
Majotta
27%
Gwadelupa
25%
Lot
20%
Korsyka Południowa
11%
Aisne
7%
Eure
7%
Nord
7%
Orne
7%
Pas-de-Calais
7%
Wandea
7%
Ain
5%
Ardèche
5%
Ardeny
5%
Aube
5%
Calvados
5%
Cher
5%
Deux-Sèvres
5%
Loara
5%
Manche
5%
Mozela
5%
Rodan
5%
Sabaudia
5%
Var
5%
Wogezy
5%
Allier
2%
Alpy Wysokie
2%
Ariège
2%
Aude
2%
Aveyron
2%
Cantal
2%
Charente
2%
Charente-Maritime
2%
Côte-d'Or
2%
Côtes-d'Armor
2%
Creuse
2%
Dolina Marny
2%
Dolina Oise
2%
Dordogne
2%
Doubs
2%
Drôme
2%
Essonne
2%
Eure-et-Loir
2%
Finistère
2%
Gard
2%
Gers
2%
Górna Korsyka
2%
Górna Sabaudia
2%
Hérault
2%
Ille-et-Vilaine
2%
Isère
2%
Jura
2%
Landy
2%
Loara Atlantycka
2%
Loiret
2%
Lot i Garonna
2%
Lozère
2%
Maine i Loara
2%
Marna
2%
Mayenne
2%
Morbihan
2%
Moza
2%
Nièvre
2%
Oise
2%
Pireneje Atlantyckie
2%
Pireneje Wschodnie
2%
Puy-de-Dôme
2%
Sarthe
2%
Sekwana i Marna
2%
Sekwana Nadmorska
2%
Somma
2%
Tarn
2%
Tarn i Garonna
2%
Territoire de Belfort
2%
Vaucluse
2%
Vienne
2%
Yonne
2%
Yvelines
2%
Alpy Górnej Prowansji
0%
Alpy Nadmorskie
0%
Corrèze
0%
Delta Rodanu
0%
Dolny Ren
0%
Górna Garonna
0%
Górna Loara
0%
Górna Marna
0%
Górna Saona
0%
Górny Ren
0%
Haute-Vienne
0%
Hauts-de-Seine
0%
Indre
0%
Indre i Loara
0%
Loir-et-Cher
0%
Meurthe i Mozela
0%
Pireneje Wysokie
0%
Saona i Loara
0%
Seine-Saint-Denis
0%
Żyronda
0%
Nie znaleziono quizów pasujących do podanych kryteriów
Rozkład punktacji
Procent ludzi z każdym wynikiem
Percentyl według liczby udzielonych odpowiedzi
Twoja historia wyników
Nie rozwiązałeś tego quizu